000 00626nam a2200193Ia 4500
008 191130s2008##################000#0#eng##
020 _a9780199249312
040 _aACL
_cACL
082 _a420.9 MUG
245 _aThe Oxford history of English
_cedited by Lynda Mugglestone
260 _aOxford
_bOxford University Press
_c2008, c2006
300 _axi, 485 p. : ill., maps ; 26 cm.
500 _aIncludes bibliographical references (p. [433]-471) and index
650 _aEnglish language - History
700 _aMugglestone, Lynda
990 _a0cbccdd6ac10000c4a80cc5cd38d4099
991 _a392980
999 _c294877
_d294877